| 000 | 01247cab a2200277 4500 | ||
|---|---|---|---|
| 001 | WB3520-29 | ||
| 008 | 090401t1999 xxu||||| |||| 00| 0 eng d | ||
| 035 | _a(Sirsi) u93553 | ||
| 041 | _aeng | ||
| 245 | _aRSLs and human rights law | ||
| 260 | _c1999 | ||
| 350 | _a0 | ||
| 490 |
_aHousing Today _v(134) 20 May 1999, 3(1) |
||
| 520 | _aMoves by registered social landlords (RSLs) to cope with nuisance neighbours could be curtailed by the Human Rights Act 1998. The use of closed circuit television (CCTV) on estates, anti-social behaviour orders and the provision for sex offenders in the community will be affected. The act introduces the European Convention on Human Rights into UK law, including privacy rights, and is expected to come into force at the end of 2000. | ||
| 650 | _aANTI-SOCIAL BEHAVIOUR ORDERS | ||
| 650 | _aCCTV | ||
| 650 | _aCLOSED CIRCUIT TELEVISION | ||
| 650 | _aCONVENTION FOR THE PROTECTION OF HUMAN RIGHTS AND FUNDAMENTAL FREEDOMS | ||
| 650 | _aHUMAN RIGHTS ACT 1998 | ||
| 650 | _aNUISANCE NEIGHBOURS | ||
| 650 | _aREGISTERED SOCIAL LANDLORDS | ||
| 650 | _aRSLS | ||
| 690 | _aPROPERTY-RESIDENTIAL PROPERTY-RESIDENTIAL LANDLORD AND TENANT-RESIDENTIAL TENANCIES | ||
| 942 | _n0 | ||
| 948 | _c25/05/1999 | ||
| 999 |
_c59283 _d59283 |
||